Southville International School and Colleges
Your cart is empty.
  • Cart
  • Lists
    Public lists Eva Luna New books Lux_list list_1
    Your lists Log in to create your own lists
  • Log in to your account
  • Your cookies
  • Search history
Southville International School and Colleges
  • Advanced search
  • Recent comments
  • Most popular
  • Libraries

Log in to your account

Log in with GOOGLE


If you do not have an external account, but do have a local account, you can still log in:

  1. Home
  2. MARC view: Essentials of pharmacoeconomics /
Normal view MARC view ISBD view

Essentials of pharmacoeconomics / (Record no. 13681)

[ view plain ]
MARC details
000 -LEADER
fixed length control field 01169cam a22003134a 4500
003 - CONTROL NUMBER IDENTIFIER
control field OSt
005 - DATE AND TIME OF LATEST TRANSACTION
control field 20140310182451.0
008 - FIXED-LENGTH DATA ELEMENTS--GENERAL INFORMATION
fixed length control field 070831s2009 paua b 001 0 eng
020 ## - INTERNATIONAL STANDARD BOOK NUMBER
International Standard Book Number 9780781765442
020 ## - INTERNATIONAL STANDARD BOOK NUMBER
International Standard Book Number 9780781765442
050 ## - LIBRARY OF CONGRESS CALL NUMBER
Classification number RM 263
Item number .R37 2009
100 1# - MAIN ENTRY--PERSONAL NAME
Personal name Rascati, Karen L.
9 (RLIN) 8140
245 10 - TITLE STATEMENT
Title Essentials of pharmacoeconomics /
Statement of responsibility, etc Karen L. Rascati.
260 ## - PUBLICATION, DISTRIBUTION, ETC. (IMPRINT)
Place of publication, distribution, etc Philadelphia :
Name of publisher, distributor, etc Lippincott Williams & Wilkins,
Date of publication, distribution, etc c2009.
300 ## - PHYSICAL DESCRIPTION
Extent 250 p. :
Other physical details ill. ;
Dimensions 26 cm.
650 #0 - SUBJECT ADDED ENTRY--TOPICAL TERM
Topical term or geographic name as entry element Chemotherapy
General subdivision Economic aspects.
9 (RLIN) 8141
650 #0 - SUBJECT ADDED ENTRY--TOPICAL TERM
Topical term or geographic name as entry element Drugs
General subdivision Cost effectiveness.
9 (RLIN) 8142
650 #0 - SUBJECT ADDED ENTRY--TOPICAL TERM
Topical term or geographic name as entry element Pharmacy
General subdivision Economic aspects.
9 (RLIN) 8143
650 12 - SUBJECT ADDED ENTRY--TOPICAL TERM
Topical term or geographic name as entry element Economics, Pharmaceutical.
9 (RLIN) 8144
650 22 - SUBJECT ADDED ENTRY--TOPICAL TERM
Topical term or geographic name as entry element Costs and Cost Analysis
General subdivision methods.
9 (RLIN) 8145
650 22 - SUBJECT ADDED ENTRY--TOPICAL TERM
Topical term or geographic name as entry element Models, Economic.
9 (RLIN) 8146
650 22 - SUBJECT ADDED ENTRY--TOPICAL TERM
Topical term or geographic name as entry element Pharmaceutical Preparations
General subdivision economics.
9 (RLIN) 8147
650 22 - SUBJECT ADDED ENTRY--TOPICAL TERM
Topical term or geographic name as entry element Pharmaceutical Services
General subdivision economics.
9 (RLIN) 8148
856 42 - ELECTRONIC LOCATION AND ACCESS
Materials specified Publisher description
Uniform Resource Identifier <a href="http://www.loc.gov/catdir/enhancements/fy0743/2007036322-d.html">http://www.loc.gov/catdir/enhancements/fy0743/2007036322-d.html</a>
856 41 - ELECTRONIC LOCATION AND ACCESS
Materials specified Table of contents only
Uniform Resource Identifier <a href="http://www.loc.gov/catdir/enhancements/fy0835/2007036322-t.html">http://www.loc.gov/catdir/enhancements/fy0835/2007036322-t.html</a>
942 ## - ADDED ENTRY ELEMENTS (KOHA)
Source of classification or shelving scheme Library of Congress Classification
Koha item type
Holdings
Withdrawn status Lost status Source of classification or shelving scheme Damaged status Home library Current library Shelving location Date acquired Total Checkouts Full call number Barcode Date last seen Copy number Price effective from Koha item type Source of acquisition
    Library of Congress Classification   South SEED-LPDH College Library South SEED-LPDH College Library South SEED-LPDH College Section 08/05/2013   RM 263 .R37 2009 SSLC0431 05/15/2018 1 08/05/2013 Books  
    Library of Congress Classification   South SEED-LPDH College Library South SEED-LPDH College Library South SEED-LPDH College Section 08/13/2013   RM 263 .R37 2009 SSLC0399 05/15/2018 2 08/13/2013 Books Donation

Essentials of pharmacoeconomics /

APA

Rascati K. L., . (2009). Essentials of pharmacoeconomics. Philadelphia: Lippincott Williams & Wilkins.

Chicago

Rascati Karen L, . 2009. Essentials of pharmacoeconomics. Philadelphia: Lippincott Williams & Wilkins.

Harvard

Rascati K. L., . (2009). Essentials of pharmacoeconomics. Philadelphia: Lippincott Williams & Wilkins.

MLA

Rascati Karen L, . Essentials of pharmacoeconomics. Philadelphia: Lippincott Williams & Wilkins. 2009.

  • Place hold
  • Print
  • Cite
  • Add to your cart (remove)
  • Save record
    BIBTEX Dublin Core MARCXML MARC (non-Unicode/MARC-8) MARC (Unicode/UTF-8) MARC (Unicode/UTF-8, Standard) MODS (XML) RIS
  • More searches
    Search for this title in:
    Other Libraries (WorldCat) Other Databases (Google Scholar) Online Stores (Bookfinder.com) Open Library (openlibrary.org)

Exporting to Dublin Core...

SOUTHVILLE LIBRARY

Southville International School and Colleges Library

1281 Tropical Ave. Cor. Luxembourg St., BF Homes International, Las Pinas City

Tel. No. 8256374 / 252358 Loc. 117/146

Powered by Koha